[Event "Cluj GP Rapid"]
[Site "Cluj"]
[Date "2024.06.13"]
[Round "1"]
[White "Dunca, Patrick David"]
[Black "Fedoseev, Vladimir1"]
[Result "0-1"]
[WhiteElo "1646"]
[BlackElo "2685"]
[PlyCount "60"]
[EventDate "2024.06.13"]
[EventType "swiss (rapid)"]
[EventRounds "10"]
[EventCountry "ROU"]
[SourceTitle "CBM 220 Extra"]
[Source "ChessBase"]
[SourceDate "2024.07.31"]
[SourceVersion "1"]
[SourceVersionDate "2024.07.31"]
[SourceQuality "1"]

1. d4 d5 2. c4 e6 3. Nc3 a6 4. cxd5 exd5 5. Bf4 Nf6 6. e3 c5 7. Nf3 Nc6 8. h3 h6 9. Be2 Be6 10. 0-0 Rc8 11. Rc1 c4 12. Ne5 Bb4 13. Qc2 0-0 14. f3 Ba5 15. Rcd1 b5 16. a3 Ne7 17. e4 Nd7 18. Ng4 Bc7 19. Bxc7 Qxc7 20. Ne3 Qg3 21. Rf2 Nb6 22. exd5 Bxd5 23. Nf1 Qh4 24. f4 Rfe8 25. Bf3 Bxf3 26. Rxf3 Ned5 27. Qf2 Qxf2+ 28. Kxf2 Rcd8 29. Ne3 Nf6 30. d5 Rd7 0-1